| 000 | 02731nam0a2200361 4500 | ||
|---|---|---|---|
| 001 | RU\NLR\BIBL_A\012433510 | ||
| 005 | 20251224105741.0 | ||
| 010 |
_a978-5-88458-482-2 _9200 |
||
| 021 |
_aRU _bКН-П-20-055283 _9КН-П-20-4123 |
||
| 035 | _a(NLR Aleph) 012433510 | ||
| 035 | _a(RuMoRGB)010422433 | ||
| 090 |
_a11889066 _c11889066 |
||
| 100 | _a20210118d2020 u y0rusy50 ca | ||
| 101 | 0 | _arus | |
| 102 | _aRU | ||
| 105 | _aa|||j|||000zy | ||
| 181 | 0 |
_ai _baxxe |
|
| 182 | 0 | _an | |
| 200 | 1 |
_aРак кожи _eучебное пособие _e[для студентов 6-го курса медицинских ВУЗов, клинических ординаторов по специальности 31.05.01 "Лечебное дело" учебной дисциплины "Онкология, лучевая терапия", специальности 31.08.57 "Онкология" учебной дисциплины "Онкология"] _fМинистерство здравоохранения Российской Федерации, Федеральное государственное автономное образовательное учреждение высшего образования "Российский национальный исследовательский медицинский университет имени Н.И. Пирогова" (ФГАОУ ВО РНИМУ им. Н.И. Пирогова Минздрава России), Кафедра онкологии и лучевой терапии лечебного факультета _g[составители: К.С. Титов, д-р мед. наук, доц. и др.] |
|
| 203 |
_aТекст _bвизуальный _cнепосредственный |
||
| 210 |
_aМосква _cРНИМУ им. Н.И. Пирогова _d2020 |
||
| 215 |
_a63 с. _cил., табл. _d21 |
||
| 320 | _aБиблиогр.: с. 60-63 (44 назв.) | ||
| 606 | 1 |
_aРак (онкол.) кожи _jУчебные издания для высших учебных заведений _2nlr_sh1 _2nlr_sh2 _3RU\NLR\AUTH\66108033 |
|
| 686 | 1 | _aР569.60 Рак.я73 | |
| 702 | 1 |
_aТитов _bК. С. _cд-р мед. наук _f1976- _gКонстантин Сергеевич _3RU\NLR\AUTH\770218330 _4220 |
|
| 712 | 0 | 2 |
_aРоссийский национальный исследовательский медицинский университет им. Н. И. Пирогова _cКафедра онкологии и лучевой терапии лечебного факультета _3RU\NLR\AUTH\880471768 _4570 |
| 942 | _cBOOK | ||
| 980 | _aNBR | ||
| 980 | _aNB | ||